| 000 -LEADER |
| fixed length control field |
00692nam a22001337a 4500 |
| 040 ## - CATALOGING SOURCE |
| Transcribing agency |
RUA |
| 082 ## - DEWEY DECIMAL CLASSIFICATION NUMBER |
| Classification number |
AGR TEP 2014 B458 Or.1 |
| 100 ## - MAIN ENTRY--AUTHOR NAME |
| Personal name |
TEP SREYMOM ; ទេព ស្រីមុំ |
| 245 ## - TITLE STATEMENT |
| Title |
Effect of using fertilizer by drip irrigation system on corn (zea mayus) , ប្រសិទ្ធភាពនៃការប្រើប្រាស់ជីតាមប្រព័ន្ធស្រោចស្រពដោយដំណក់ទឹក (Drip) លើដំណាំពោត (Zea mays ) |
| 260 ## - PUBLICATION, DISTRIBUTION, ETC. (IMPRINT) |
| Place of publication |
Phnom Penh |
| Name of publisher |
RUA |
| Year of publication |
2014 |
| 300 ## - PHYSICAL DESCRIPTION |
| Number of Pages |
xii ;57p. |
| Other physical details |
ill. |
| Dimensions |
29cm. |
| 856 ## - ELECTRONIC LOCATION AND ACCESS |
| Uniform Resource Identifier |
https://drive.google.com/file/d/1ZAqR3lqw6izgg_0z91l4K8araTCDny5k/view?usp=sharing |
| 942 ## - ADDED ENTRY ELEMENTS (KOHA) |
| Koha item type |
AGR |
| 952 ## - LOCATION AND ITEM INFORMATION (KOHA) |
| Withdrawn status [LOCAL, KOHA] |
0 |
| 952 ## - LOCATION AND ITEM INFORMATION (KOHA) |
| Withdrawn status [LOCAL, KOHA] |
0 |
| 952 ## - LOCATION AND ITEM INFORMATION (KOHA) |
| Withdrawn status [LOCAL, KOHA] |
0 |
| 952 ## - LOCATION AND ITEM INFORMATION (KOHA) |
| Withdrawn status [LOCAL, KOHA] |
0 |
| 952 ## - LOCATION AND ITEM INFORMATION (KOHA) |
| Withdrawn status [LOCAL, KOHA] |
0 |
| 952 ## - LOCATION AND ITEM INFORMATION (KOHA) |
| Withdrawn status [LOCAL, KOHA] |
0 |
| 952 ## - LOCATION AND ITEM INFORMATION (KOHA) |
| Withdrawn status [LOCAL, KOHA] |
0 |
| 952 ## - LOCATION AND ITEM INFORMATION (KOHA) |
| Withdrawn status [LOCAL, KOHA] |
0 |